| 000 | 01457nam a2200349 4500 | ||
|---|---|---|---|
| 001 | 207 | ||
| 003 | OSt | ||
| 005 | 20250528074014.0 | ||
| 008 | 250203b |||||||g |||| 00| 1 eng d | ||
| 040 | _bpor | ||
| 041 |
_heng _apor |
||
| 082 |
_a823 _bD754a |
||
| 100 | 1 |
_aDoyle, Arthur Conan, _d1859-1930 _9388 |
|
| 240 | _aA study in scarlet and The sign of four | ||
| 245 |
_aAs aventuras de Sherlock Holmes, Volume 01: _b Um estudo em vermelho e O signo dos Quatro / _cDoyle, Arthur Conan ; Tradução de Hamílcar de Garcia |
||
| 260 |
_aSão Paulo _bCírculo do Livro _c1986 |
||
| 300 | _a242 p. | ||
| 490 | 1 |
_aAs aventuras de Sherlock Holmes _vvol. 01 |
|
| 520 | _a"Todo mundo sabe quem foi o detetive Sherlock Holmes, pode enumerar boa parte dos seus hábitos ou objetos preferidos e repetir algumas de suas frases célebres. Elementar. Mas o fato é que esse notável cavalheiro britânico, de astúcia incomparável e vícios mundanos, que povoa o imaginário coletivo dos ingleses desde 1887, 'jamais viveu e nunca morrerá'." | ||
| 650 | 0 |
_aLiteratura Inglesa _989 |
|
| 650 | 0 |
_aCrime e Investigação _913 |
|
| 650 | 0 |
_aRomance Policial _911 |
|
| 650 | 0 |
_aSuspense _910 |
|
| 650 | 0 |
_aMistério _942 |
|
| 650 | 0 |
_aClássicos _977 |
|
| 650 | 0 |
_aFilme _926 |
|
| 655 | 0 |
_aRomance _923 |
|
| 655 | 0 |
_aFicção _922 |
|
| 700 |
_aHamilcar de Garcia _eTradutor _9149 |
||
| 830 |
_aAs aventuras de Sherlock Holmes _vvol 01 _9389 |
||
| 942 |
_2ddc _n0 _cBK |
||
| 999 |
_c207 _d207 |
||